| 000 | 00852nam a2200265 i 4500 | ||
|---|---|---|---|
| 003 | DO-SdBNP | ||
| 005 | 20230801144645.0 | ||
| 007 | ta | ||
| 008 | 230705b2023 dr a|||| |||| 00| 0 spa d | ||
| 020 | _a9789945222593 | ||
| 040 |
_aDO-SdBNP _bspa _cBNPHU _erda |
||
| 082 | 4 |
_222 _bS944a |
|
| 100 |
_978448 _aSuero, Pridah _eautora |
||
| 245 | 1 | 3 |
_aEl alfil de la ejecución / _cPridah Suero ; prólogo, Neftalí Rojas |
| 264 |
_aSanto Domingo : _bBúho, _c2023. |
||
| 300 |
_a141 páginas : _bilustraciones ; _c22 cm. |
||
| 336 |
_2rdacontent _atexto _btxt |
||
| 337 |
_2rdamedia _asin mediación _bn |
||
| 338 |
_2rdacarrier _avolumen _bnc |
||
| 500 | _aIncluye datos biográficos de la autora en la solapa de la cubierta | ||
| 590 | _aInventariado, 2023/BT | ||
| 700 | 1 |
_aRojas, Neftalí, _eprólogo _983702 |
|
| 910 | _aBtavárez | ||
| 942 |
_2ddc _cLBS1 |
||
| 999 |
_c54116 _d54116 |
||